Into Africa (Record no. 233479)
[ view plain ]
| 000 -LEADER | |
|---|---|
| fixed length control field | 01315nam a2200337 a 4500 |
| 082 04 - DEWEY DECIMAL CLASSIFICATION NUMBER | |
| Classification number | 967 |
| 100 1# - MAIN ENTRY--AUTHOR NAME | |
| Personal name | Richmond, Yale. |
| 245 10 - TITLE STATEMENT | |
| Title | Into Africa |
| 250 ## - EDITION STATEMENT | |
| Edition statement | 2nd ed. |
| 260 ## - PUBLICATION, DISTRIBUTION, ETC. (IMPRINT) | |
| Place of publication | Boston : |
| Name of publisher | Intercultural Press, |
| Year of publication | 2009. |
| 300 ## - PHYSICAL DESCRIPTION | |
| Number of Pages | xvii, 261 p. |
| 500 ## - GENERAL NOTE | |
| General note | Rev. ed. of: Into Africa : intercultural insights. 1998. |
| 700 1# - ADDED ENTRY--PERSONAL NAME | |
| Personal name | Gestrin, Phyllis. |
| 856 40 - ELECTRONIC LOCATION AND ACCESS | |
| Uniform Resource Identifier | http://site.ebrary.com/lib/rucke/Doc?id=10430707 |
No items available.
